Trading tips : (Record no. 67974)

MARC details
000 -LEADER
fixed length control field 00474nam a22001577a 4500
005 - DATE AND TIME OF LATEST TRANSACTION
control field 20180728173847.0
020 ## - INTERNATIONAL STANDARD BOOK NUMBER
International Standard Book Number 8170944805
Terms of availability Rs.325.00 (pbk)
035 ## - SYSTEM CONTROL NUMBER
System control number B-166840, B-166837
037 ## - SOURCE OF ACQUISITION
Stock number DPL
Source of stock number/acquisition ENG
100 ## - MAIN ENTRY--PERSONAL NAME
Personal name Dorsey, Thomas J.
245 ## - TITLE STATEMENT
Title Trading tips :
Remainder of title A playbook for stock market success /
Statement of responsibility, etc by Thomas J. Dorsey
250 ## - EDITION STATEMENT
Edition statement rprn.
260 ## - PUBLICATION, DISTRIBUTION, ETC. (IMPRINT)
Place of publication, distribution, etc New Delhi
Name of publisher, distributor, etc Vision Books
Date of publication, distribution, etc 2006
300 ## - PHYSICAL DESCRIPTION
Extent xi, 227p.
Dimensions 20 cms.
942 ## - ADDED ENTRY ELEMENTS (KOHA)
Source of classification or shelving scheme Dewey Decimal Classification
Item type English Books
Classification part 332.64
Call number suffix DOR
Holdings
Withdrawn status Lost status Not for loan Collection code Home library Current library Date acquired Cost, normal purchase price Full call number Barcode Cost, replacement price Koha item type Source of acquisition
      Non-fiction Patel Nagar Patel Nagar 28/07/2018 325.00 332.64 DOR   325.00 English Books BPPD/PUB
      Non-fiction Sarojini Nagar Sarojini Nagar 15/06/2012 325.00 332.64 DOR B-166843 325.00 English Books  

© Delhi Public Library
Hit Counter
free hit counter